000 00776nam a2200229Ii 4500
003 JO-AjNU
008 230605s9999||||xx |||||||||||||| ||und||
017 _a2006/8/2231
040 _aJO-AjNU
_bara
_erda
_cJO-AjNU
041 _aara
050 1 4 _aKMM49.M5248.2006
100 3 _aمدغمش، جمال عبد الغني,
_eauthor
_921404
245 0 0 _aقاعدة لا حجة مع التناقض
250 _a(د،ط)
264 3 1 _aعمان : جمال عبد الغني مدغمش ، 2006
300 _a96ص
336 _atext
_btxt
_2rdacontent
337 _aunmediated
_bn
_2rdamedia
338 _avolume
_bnc
_2rdacarrier
490 0 _aسلسلة الكتب القانونية
650 4 _aالقانون المدني -- الدعاوى -- المحاكمات
_921405
999 _aA7429
_c10997
_d10997